| 000 | 01413nam a2200253 i 4500 | ||
|---|---|---|---|
| 001 | 163872 | ||
| 003 | ES-MaACL | ||
| 005 | 20251116063111.0 | ||
| 008 | 950206s1883 sp a |||| | spa d | ||
| 080 | _a821.134.2-21"15" | ||
| 100 | 1 |
_aRojas, Fernando de, _dca. 1470-1541 _999042 |
|
| 240 | 1 | 3 | _aLa Celestina |
| 245 | 1 | 3 |
_aLa Celestina : _btragi-comedia de Calisto y Melibea : en la cual se contienen, demás de su agradable y dulce estilo, muchas sentencias filosofales, avisos muy necesarios para mancebos, mostrándoles los engaños que están encerrados en sirvientes y alcahuetas : obra famosísima / _cescrita por Rodrigo de Cota ; atribuida también a Juan de Mena y su conclusión a Fernando de Rojas. |
| 260 |
_aBarcelona : _b[s.n.], _c1883 ( _fImp. y Lit. de los Sucesores de N. Ramírez y Cª) |
||
| 300 |
_aXV, 16-316 p. : _bil. ; _c21 cm. |
||
| 490 | 1 | _aBiblioteca amena e instructiva | |
| 530 | _aDisponible en formato digital. | ||
| 700 | 1 |
_aCota, Rodrigo, _dca. 1450-ca. 1504 _941158 |
|
| 700 | 1 |
_aMena, Juan de, _d1411-1456 _980047 |
|
| 830 | 1 |
_aBiblioteca amena e instructiva _9188100 |
|
| 852 |
_aES-MaACL _jD-4134 _z- Enc. ed. en tela azul, con planchas polícromas y cortes decorados _z- Legado de Modesto de La Fuente |
||
| 856 |
_uhttps://bibliotecadigital.jcyl.es/es/consulta/registro.do?id=31231 _zBiblioteca Digital de Castilla y León |
||
| 999 |
_c163872 _d163872 |
||